000 00419nam a2200133Ia 4500
008 231129s9999||||xx |||||||||||||| ||spa||
020 _a958-02-0470-5
040 _bspa
082 _aCo860.7 S211o
100 _aSanchez Lozano Carlos
245 0 _aAnalisis de El Otono del Patriarca : Gabriel Garcia Marquez (Colombia)
264 _aBogotá Colombia : Voluntad
942 _2ddc
_cBKS
999 _c5032
_d5032